000 00500nam a2200205Ia 4500
003 OSt
005 20251205150712.0
008 250729s2005 xx 000 0 und d
020 _a9788188836741
040 _cAL
041 _aeng
082 _a370.78 MISP
100 _aMishra B C
_9225898
245 _aPersonality patterns and academic achievement
260 _aNew Delhi
_c2005
300 _a142p
650 _aEducation
_9225899
700 _aRao Digumurthi
_9225900
942 _2ddc
_cBED
999 _c237112
_d237112